Guess the City of Canada by Picture - Statistics

General Stats
  • This quiz has been taken 114 times
  • The average score is 7 of 20
Answer Stats
Picture Answer % Correct
Toronto
97%
Ottawa
68%
Calgary
67%
Winnipeg
51%
Vancouver
47%
Quebec City
36%
St. John's
35%
Niagara
33%
Edmonton
32%
Montreal
29%
Whitehorse
29%
Halifax
26%
Iqaluit
21%
Victoria
19%
Saskatoon
18%
Regina
17%
Hamilton
11%
Windsor
11%
Thunder Bay
8%
London
7%
No matching quizzes found
Score Distribution
Percent of People with Each Score
Percentile by Number Answered
Your Score History
You have not taken this quiz